THE AMERICAN HERTICAL HISTORY OF THE PRESIDENCY (Record no. 13412)
[ view plain ]
| 000 -LEADER | |
|---|---|
| fixed length control field | 00303nam a22001217a 4500 |
| 008 - FIXED-LENGTH DATA ELEMENTS--GENERAL INFORMATION | |
| fixed length control field | 170516b xxu||||| |||| 00| 0 eng d |
| 041 ## - LANGUAGE CODE | |
| Language code of text/sound track or separate title | eng |
| 080 ## - UNIVERSAL DECIMAL CLASSIFICATION NUMBER | |
| Universal Decimal Classification number | 94(7/8) |
| 100 ## - Rafti | |
| Rafti | 16 |
| 101 ## - Shkurtesa | |
| Shkurtesa | SHH |
| 245 ## - TITLE STATEMENT | |
| Title | THE AMERICAN HERTICAL HISTORY OF THE PRESIDENCY |
| Statement of responsibility, etc | CUNLIFFE.NM |
| 942 ## - ADDED ENTRY ELEMENTS (KOHA) | |
| Source of classification or shelving scheme | |
| Item type | Books |
| Withdrawn status | Lost status | Source of classification or shelving scheme | Damaged status | Not for loan | Collection code | Permanent location | Current location | Shelving location | Date acquired | Total Checkouts | Full call number | Barcode | Date last seen | Price effective from | Koha item type |
|---|---|---|---|---|---|---|---|---|---|---|---|---|---|---|---|
| Koleksioni i përgjithshem | UBT - Lipjan | UBT - Lipjan | Koleksioni i përgjithshem | 05/16/2017 | 94(7/8) CUN | 002-285190 | 05/16/2017 | 05/16/2017 | Books | ||||||
| Koleksioni i përgjithshem | UBT - Lipjan | UBT - Lipjan | Koleksioni i përgjithshem | 05/16/2017 | 94(7/8) CUN | 002-285185 | 05/16/2017 | 05/16/2017 | Books | ||||||
| Koleksioni i përgjithshem | UBT - Lipjan | UBT - Lipjan | Koleksioni i përgjithshem | 05/16/2017 | 94(7/8) CUN | 002-285162 | 05/16/2017 | 05/16/2017 | Books |